UBT Library

The Nation transformed; (Record no. 43986)

000 -LEADER
fixed length control field 00628cam a22002171 4500
001 - CONTROL NUMBER
control field 3113141
005 - DATE AND TIME OF LATEST TRANSACTION
control field 20180302044033.0
008 - FIXED-LENGTH DATA ELEMENTS--GENERAL INFORMATION
fixed length control field 720107s1963 nyu b 000 0 eng
010 ## - LIBRARY OF CONGRESS CONTROL NUMBER
LC control number 63017876
040 ## - CATALOGING SOURCE
Original cataloging agency DLC
Transcribing agency DLC
Modifying agency DLC
041 ## - LANGUAGE CODE
Language code of text/sound track or separate title eng
043 ## - GEOGRAPHIC AREA CODE
Geographic area code n-us---
080 ## - UNIVERSAL DECIMAL CLASSIFICATION NUMBER
Universal Decimal Classification number 309.173 sig
082 00 - DEWEY DECIMAL CLASSIFICATION NUMBER
Classification number 309.173 sig
100 1# - Rafti
Rafti D16
101 ## - Shkurtesa
Shkurtesa pol
245 14 - TITLE STATEMENT
Title The Nation transformed;
Statement of responsibility, etc Selected and edited, with introd. and notes by Sigmund Diamond.
504 ## - BIBLIOGRAPHY, ETC. NOTE
Bibliography, etc Bibliography: p. 524-528.
906 ## - LOCAL DATA ELEMENT F, LDF (RLIN)
a 7
b cbc
c orignew
d u
e ocip
f 19
g y-gencatlg
942 ## - ADDED ENTRY ELEMENTS (KOHA)
Source of classification or shelving scheme
Item type Books
Holdings
Withdrawn status Lost status Source of classification or shelving scheme Damaged status Not for loan Collection code Permanent location Current location Shelving location Date acquired Total Checkouts Full call number Barcode Date last seen Price effective from Koha item type
          Koleksioni i përgjithshem UBT - Lipjan UBT - Lipjan Koleksioni i përgjithshem 03/02/2018   309.173 sig 002-3000537 03/02/2018 03/02/2018 Books
UBT Library © 2015-2024. All rights reserved University Education for Business and Technology